000 01126nam a2200265 c 4500
999 _c342320
_d342320
003 BLK
005 20200422160920.0
008 180911b bul|||||r ||||||| ||bul||
010 _a001959
040 _aBLK
041 _aBUL
_cBUL
080 _z949.72
100 1 _eпърви автор
_9397292
245 1 0 _aПО стъпките на възрожденците
246 _bПО стъпките на възрожденците
260 _aСкопие
_bБълг. дело
_c1942
_fБълг. дело
300 _a263 с
_bс ил.
_c21 см
380 _a9
490 _aОбластна училищна инспекция
490 _aЧастна колекция - Академик Михаил Арнаудов
_gДарение - Основен фонд
500 _aАвтограф с текст: На г. проф. М. Арнаудов, Министър на нар. просвещение в знак на високо уважение, Обл. учил. инспектор (подпис), 12 юний 1944 г., Скопие
655 _aбългарска история
_9396199
852 _aМА 643
_bМА
942 _cKNG
_n0
_s1
944 _aCR
_c1995
_kValK
999 _d342320
999 _d342320